Регионална библиотека "Любен Каравелов" - Русе

Септемврийски дни (Запис номер 382220)

MARC детайли
000 -Лидер
Контролно поле с фиксирана дължина 00795nam a2200229 a 4500
003 - Код на организацията, давaща контролен номер
Контролно поле BLK
005 - Дата и час на последна редакция
Контролно поле 20250127112519.0
008 - Елементи от данни с фиксирана дължина
fixed length control field 200813b bu ||||| |||| 00| 0 bu d
020 ## - Международен стандартен номер на книга ISBN
Международен стандартен номер на книга ISBN 9786197496529
040 ## - Източник на каталожния запис
Идентификатор на билиотеката - собственик на записа BLK
041 ## - Код за език
Код за езика на текст/звукозапис или на отделно заглавие Български
Код за езика КДБФ Български
080 ## - УДК
Текстов определител УДК Българска литература
УДК код - определител по УДК 821.163.2
УДК определител -94
УДК - код + определител 821.163.2-94
100 ## - Редна дума - Автор
Автор Лулчев, Андро
Авторска отговорност първи автор
R(LIN) 1299
139 ## - Редно поле
Редна дума Лулчев, Андро
Авторски знак Лул - Л 87
245 ## - Сведения за заглавието
Заглавие Септемврийски дни
Подзаглавни данни 1918 г. : Лични спомени
Редно поле (дума) Андро Лулчев .
260 ## - Област на издателските данни
9 (RLIN) 391895
Място на издаване, разпространение и проч. София
Име на издателя, разпространителя и проч. Българска история
Година на издаване 2020
300 ## - Физическа характеристика
Страници 304 с.
Размери/Мащаб 21 см
380 ## - Жанр
Жанр Худож. лит.
999 ## - СИСТЕМНИ КОНТРОЛНИ НОМЕРА
Koha biblionumber 382220
Koha biblioitemnumber 382220
942 ## - АРТИКУЛИ
Вид на библиотечния материал Книги
Скрит в OPAC Не
Периодичен библиозапис Да
Koha issues (borrowed), all copies 4
944 ## - СЪЗДАВАНЕ И РЕДАКЦИЯ на ЗАПИСА
Създаване/Редакция Създаване
Дата на регистрацията/редакция 2020-08-13
Служител, извършил регистрацията/редакцията 30575
Статус, дата на статуса Мартин Енчев
999 ## - СИСТЕМНИ КОНТРОЛНИ НОМЕРА
Koha biblioitemnumber 382220
Наличности
Код за отписване Код за изгубен артикул Източник на класификационната схема Код за повреда Коз за рестрикции Код за отдаване Артикулен № Име на библиотеката - собственик Име на библиотеката, в която се намира в момента Статус (Текущо местоположение) Дата на вписване в системата Местоположение - отдел Цена в лева Систематично азбучна сигнатура Баркод Цена в евро Служебен тип на артикула
  Не е изгубен Universal Decimal Classification Не е повреден без рестрикции заемане за дома 800886 Регионална библиотека "Любен Каравелов" Русе Регионална библиотека "Любен Каравелов" Русе Заемна - подръчен фонд 2020-09-26 Заемна - подръчен фонд 11.25 821.163.2-94/Л 87 А 120000848001 5.75 Книги
  Не е изгубен Universal Decimal Classification Не е повреден само за читалня ползва се в читалня 846224 Регионална библиотека "Любен Каравелов" Русе Регионална библиотека "Любен Каравелов" Русе Хранилище 2021-08-03 Хранилище 15.00 Цб 308635 120000858829 7.67 Книги
Vip Innovations Ltd, Rousse, Bulgaria 2025